00517nam a22001577a 450000500170000001000150001702000270003203500130005903700130007208200130008524501150009826000350021327000700024830000230031870000180034120150417112129.0 aENG-112533 a9789381904305c1225.00 aEN-96065 bDBAD/PUB a321.809500aAsia annual, 2011 : cedited by Priya Singh...[et al]bdemocracy in Asia : discourses and counter-discourses / aNew DelhibKW Publishersc2013 a4676/21, First Floor, Ansari Road, Daryaganj, bNew Delhie110002 avi,315p.c24cm(Hb) a Singh, Priya